Responses for Show #8697 - Tuesday, September 13, 2022

Luigi de Guzman game 3.

Contestants

[<< previous game]

Justin Tarbox, a software engineer from Hoover, Alabama

April Marquet, a digital production artist from Oakland, California

Luigi de Guzman, an attorney from Arlington, Virginia (whose 2-day cash winnings total $65,801)

[next game >>]

Jeopardy! Round responses

1960s AMERICA
ALPHABETICALLY NEXT
BROADCASTING HISTORY
GOING ON A POWER TRIP
NEW TO THE OED
(Ken: The Oxford English Dictionary.)
NFL OPENING WEEKEND
(Kyle: I'm Kyle Brandt from the NFL Network's Good Morning Football; we'll look back on week one of the NFL season in seasons past.)
    $200 1
the Mustang

Justin
    $200 26
nitrogen

Justin
    $200 21
(Ken: Early [*] service, yes.)

streaming

Justin
    $200 8
nuclear

Justin
    $200 20
What's up, doc?

Luigi
    $200 4
kickoff

April
    $400 2
Alcatraz

Justin
    $400 28
(April: What is Cheyenne?)

Boston

AprilJustin
    $400 22
Fox

April
    $400 12
coal

Justin
    $400 19
the first gentleman

Luigi
    $400 7
interceptions

Luigi
    $600 3
the Monterey Pop Festival

April
    $600 30
(Luigi: Who is Coolidge?)
...
(Ken: There is one in between Cleveland and Coolidge; it is [*].)

Bill Clinton

Luigi
Triple Stumper
    $600 23
[Ken reads "Inc." as "Incorporated".]
(Luigi: What is the [*] Broadcasting System?)

Columbia

Luigi
    $600 11
(Ken: Stanley Steamer, right.)

steam

Luigi
    $600 16
(Justin: What is a vaccination passport?)
(Ken: That's right, [*].)
[Acceptance reversed before Daily Double at clue 18]

vaccine passport

Justin
Triple Stumper
    $600 13
(April: What--who is Tom Brady?)

Peyton Manning

AprilJustin
    $800 5
Mercury

Justin
    $800 29
(Ken: You look like you're guessing, but you're correct.)

Vassar

Luigi
    $800 24
(Ken: Correct, with less than a minute to go.)

soap opera

Justin
    $800 9
wind

Justin
    $800 17
a burner phone

Justin
    $800 14
the 49ers

Luigi
    $1000 6
the University of Mississippi

Justin
    $1000 27
Irish wolfhound

Luigi
    $1000 25
the FCC

April
    $1000 10
(April: What is the Bonneville Dam?)

Grand Coulee Dam

LuigiApril
    $2,000 18
(Ken: Because the category is NEW TO THE OED, our judges have ruled that "vaccination passport" is actually not the dictionary entry.)

the shoulders of giants

Justin
    $1000 15
(Ken: [To April] You're back on the plus side, and even better, you guys did very well on football and will not be going viral on YouTube.)
[Laughter]

Cam Newton

April

Scores at the first commercial break (after clue 15):

Luigi April Justin
$2,800 $200 $4,400

Scores at the end of the Jeopardy! Round:

Luigi April Justin
$5,200 $1,200 $8,200

Double Jeopardy! Round responses

DO YOU FEEL A FIRST DRAFT?
SYNONYMS
A CHEM/ PHYSICS/ BIO SAMPLER
FULL OF HOLES
EUROPEAN PLACES
20th CENTURY SONG, 21st CENTURY AD
    $400 26
(Ken: Yes, from Harry Potter.)

the Potter family

Justin
    $400 21
a bureau

April
    $400 16
chromosomes

Justin
    $400 6
honeycomb

Luigi
    $400 5
(Luigi: What is Geneva?)

Zurich

LuigiApril
    $400 15
"Rebel Yell"

Luigi
    $800 27
The Great Gatsby

Luigi
    $800 22
(Justin: What is... cash?)
...
(Ken: Yeah, they're different kinds of [*], very good.)

bill

AprilJustin
    $5,000 20
[Loud audience reaction & applause]
(Ken: Look at this, we got a game going.)

gravity

April
    $800 7
Swiss cheese

Luigi
    $800 4
Portugal

Luigi
    $800 14
(Luigi: Who is... Dead or Alive?)
...
(Ken: What is [*] or who is [*]? Depending, Luigi.)

Ratt

Luigi
Triple Stumper
    $2,500 28
(Ken: [Prior to the wager] We're running out of time, Luigi.)

Sherlock Holmes & Dr. Watson

Luigi
    $1200 23
(Ken: Yes, and the lead is yours.)

jester

April
    $1200 18
a Geiger counter

Luigi
    $1200 8
pillory

Luigi
    $1200 1
the Adriatic

Justin
    $1200 11
(Ken: He wants to [*] all day.)

bang on the drum

Triple Stumper
    $1600 29
[The end-of-round signal sounds.]

Portnoy's Complaint

April
    $1600 24
(Ken: I bet you'd give your [*] to get another chance at that.)

eyeteeth

Triple Stumper
    $1600 17
ichthyology

Justin
    $1600 9
Louis Sachar

Triple Stumper
    $1600 2
the Appian Way

April
    $1600 12
(April: What is "Wild One"?)

"Wild World"

LuigiApril
    $2000 25
(Ken: Less than a minute to play.)
(April: What?! Okay.)
[Laughter]

rustic

April
    $2000 19
copper

April
    $2000 10
(Ken: That's good for $2,000.)
(April: Cool.)

Henry Moore

April
    $2000 3
Gdansk

Luigi
    $2000 13
Roxy Music

Triple Stumper

Scores at the end of the Double Jeopardy! Round:

Luigi April Justin
$15,700 $16,600 $11,000

[wagering suggestions for these scores]

Final Jeopardy! Round responses

THE BRITISH ROYAL FAMILY
(Ken: [To Luigi] Queen Victoria made her beloved husband Prince Consort.)
JustinWho is George V
$1,500
LuigiWho is Prince Prince Albert?
$15,699
AprilWho is Prince Albert?
$1,801
Prince Albert

Final scores:

Luigi April Justin
$31,399 $18,401 $9,500
3-day champion: $97,200 2nd place: $2,000 3rd place: $1,000

Game dynamics:

Coryat scores:

Luigi April Justin
$14,400 $12,400 $10,000
19 R
(including 1 DD),
3 W
15 R
(including 1 DD),
4 W
18 R
(including 1 DD),
2 W

Combined Coryat: $36,800

[game clues] [game scores] [suggest correction]

Game tape date: 2022-08-02
The J! Archive is created by fans, for fans. Scraping, republication, monetization, and malicious use prohibited; this site may use cookies and collect identifying information. See terms. The Jeopardy! game show and all elements thereof, including but not limited to copyright and trademark thereto, are the property of Jeopardy Productions, Inc. and are protected under law. This website is not affiliated with, sponsored by, or operated by Jeopardy Productions, Inc. Join the discussion at JBoard.tv.